Представление документа в формате MARC21

Поле Инд. ПП Название Значение
Тип записи a
Библиографический уровень m
001 Контрольный номер 779e9213100a4288ba8b3c903fb38e5c
005 Дата корректировки 20260407094418.7
084 a Индекс другой классификации/Индекс ББК 65
097 b Оператор Кондратьева
245 10 a Заглавие Вестник Московского университета. Серия 6. Экономика
n Номер части/ раздела 4
260 c Дата издания 2025
900 a Имя макрообъекта 0000003905911
901 t Тип документа s